| 000 | 00719nam a2200217Ia 4500 | ||
|---|---|---|---|
| 999 |
_c20230 _d20230 |
||
| 082 | _aTP.0266 | ||
| 100 | _aPandey, Ramjanam | ||
| 245 | 0 | _aSociety and religion under the pratiharas | |
| 250 | _aBanaras Hindu University | ||
| 260 | _c1988 | ||
| 300 | _a485p. + C D - 47 | ||
| 650 | _aRELIGION AND SOCIAL PROBLEMS//RELIGION AND SOCIOLOGY | ||
| 650 | _aRELIGION AND SOCIAL PROBLEMS//RELIGION AND SOCIOLOGY | ||
| 650 | _aRELIGION AND SOCIOLOGY - INDIA | ||
| 650 | _aGURJARA-PRATIHARA DYNASTY | ||
| 650 | _aPRATIHARAS//GURJARA-PRATIHARA DYNASTY | ||
| 650 | _aPRATHIHARAS//GURJARA-PRATIHARA DYNASTY | ||
| 650 | _aRELIGION AND SOCIETY//RELIGION AND SOCIOL | ||
| 710 | _aMishra, Jai Shankar | ||
| 942 |
_cTH _2ddc |
||